00000000nam##2200000za#4500
0019.682892
003CaOODSP
00520210615133216
007ta
008150407|2006||||xxc|||||     f|0| 0 fre|d
020 |a0-662-74138-2
040 |aCaOODSP|bfre
043 |an-cn---
0861 |aM144-84/2005F
1101 |aCanada.|bRessources naturelles Canada. |bOffice de l'efficacité énergétique.
24513|aLe guide complet des foyers à gaz
2463 |aSérie sur le chauffage et le refroidissement résidentiels
260 |aOttawa - Ontario : |bRessources naturelles Canada. |cRévisé décembre 2004, réimprimé janvier 2006.
300 |a46p. : |bfigures en couleur, tableaux ; |c21 cm.
5203 |aSi vous songez à équiper votre maison d'un foyer à gaz ou à remplacer votre foyer au bois traditionnel, la brochure ci-jointe vous donnera tous les renseignements dont vous pourriez avoir besoin pour faire un achat judicieux qui vous permettra d'économiser de l'argent, de rehausser le confort de votre demeure et d'en assurer la sécurité. Elle vous aidera aussi à maîtriser tous les aspects du foyer à gaz, depuis les genres de systèmes d'évacuation jusqu'aux différents genres d'allumage, en passant par ce qu'il faut rechercher dans un foyer à gaz et ce qu'il faut éviter.
563 |aCouverture souple
590 |a06-13|b2006-03-31
69107|aChauffage|2gcpds
77508|tAll about gas fireplaces |w(CaOODSP)9.649733